000 00535nam a2200217Ia 4500
003 OSt
005 20221007082610.0
006 a|||||r|||| 00| 0
007 ta
008 221006b |||||||| |||| 00| 0 eng d
024 _a21,419
037 _cTextual
040 _aFLL
_cFLL
_beng
041 _2eng
_aeng
082 _aZ2, 2675, P2
100 _aNarayanan P.
245 0 _aLaw of trade marks and passing off
260 _c2002
942 _hZ2, 2675, P2
_cTEXL
_2CC
999 _c1167010
_d1167010